Pays frappés par le plus de cyclones - Statistiques

Statistiques générales
  • Ce quiz a été pris 24 fois
  • Le résultat moyen est 5 sur 7
Statistiques - réponses
Hint Réponse % Correct
11 / an Japon
100%
9 / an Chine
96%
20 / an Philippines
78%
4 / an Inde
70%
3 / an Mexique
70%
3 / an Madagascar
43%
5 / an Bangladesh
35%
Aucun quiz correspondant
Distribution des résultats
% des personnes avec chaque résultat
Percentile par nombre de réponses
Votre historique - résultats
Vous n’avez pas pris ce quiz